000 01617cam a2200349 i 4500
001 27960
003 Mx-PuUPA
005 20250225081117.0
008 140415s2015 mx d gr 000 0 spa d
020 _a9786077440802
040 _cMx-PuUPA
_aMx-PuUPA
_bspa
_dMx-PuUPA
_erda
041 1 _aspa
_heng
100 1 _aPorter, Michael E.,
_d1947-
_92251
_eautor
240 1 0 _aCompetitive advantage. Creating and sustaining superior performance.
_lEspañol
245 1 0 _aVentaja competitiva :
_bcreación y sostenimiento de un desempeño superior /
_cMichael E. Porter ; prólogo, José Luis Orozco Martínez ; traducción, José C. Pecina Hernández
250 _aSegunda edición /
_breformada
264 1 _aMéxico, D. F. :
_bGrupo Editorial Patria,
_c2015
300 _axxiii, 552 páginas :
_bgráficas, tablas ;
_c23 cm
336 _2rdacontent
_atexto
_btxt
337 _2rdamedia
_asin medio
_bn
338 _2rdacarrier
_avolumen
_bnc
545 1 _aReimpresiones: (Primera, 2016).
650 7 _2armarc
_aAdministración industrial
650 7 _2armarc
_aIndustrialización
650 7 _2armarc
_aCompañías extranjeras
_xCompetencia económica internacionales
_xPaíses desarrollados
650 7 _2armarc
_aPolítica económica
_xPaíses desarrollados
700 1 _aPecina Hernández, José C.,
_etraductor
765 0 _aPorter, Michael E., 1947-
_d[Lugar de publicación no identificado] : Simon & Schuster, ©1987
_tCompetitive advantage. Creating and sustaining superior performance.
_z002925090
942 _2ddc
_cLI
_h658
_iP8518
999 _c27960
_d27960